000 00363 a2200169 4500
001 186360
020 _a85-16-04341-X
040 _cMagnum
100 _aMc Donald, Megan
240 1 0 _aJudy moody
_lpor
245 1 0 _aJudy moody
300 _a183
362 0 _a2004
440 1 _aSalamandra
697 _aLITERATURA INFANTO-JUVENIL ESTRANGEIRA
942 _cBK
999 _c186360
_d186360